Statistiken für 4 Fußballer 1 Team

Klicken Sie hier um das Quiz zu spielen!

Allgemein

  • Dieses Quiz wurde 409 mal gespielt
  • Das Durchschnittsergebnis liegt bei 11 aus 15

Antwortstatistiken

HintAntwort% Korrekt
Raul, Jefferson Farfan, Benedikt Höwedes, Joel MatipFC Schalke 04
93%
Antony, Klaas-Jan Huntelaar, Johann Cruyff, Luis SuarezAJAX Amsterdam
88%
Blaise Matuidi, Layvin Kurzawa, Hatem Ben Arfa, Lucas MouraParis SG
86%
Angel Di Maria, Julian Weigl, Eusebio, Julio CesarSL Benfica Lissabon
86%
Mario Gomez, Sami Khedira, Thomas Hitzlsperger, CacauVfB Stuttgart
86%
Heung-Min Son, Ivica Olic, Rene Adler, Hakan CalhanogluHamburger SV
85%
Ivan Perisic, Serge Aurier, Alex Morgan, Eric LamelaTottenham Hotspur
82%
Dominic Maroh, Davie Selke, Marvin Schwäbe, Simon Zoller1. FC Köln
81%
Miroslav Klose, Stefan de Vrij, Pedro, Luis AlbertoLazio Rom
80%
Patrick Helmes, Stefan Effenberg, Julian Draxler, Mario MandzukicVfL Wolfsburg
80%
Breel Embolo, Radamel Falcao, Diego Benaglio, Aurelien TchouameniAS Monaco
69%
Douglas Luiz, Jack Grealish, Adama Traore, Kyle WalkerAston Villa
61%
Demarai Gray, Romelu Lukaku, Moise Kean, John StonesFC Everton
60%
Gianluigi Buffon, Andrea Pirlo, Stephan El Shaarawy, Gianfranco ZolaItalien Nationalelf
20%
Phil Foden, Rico Lewis, Jamie Bynoe-Gittens, Kieran TrippierEngland U19 Nationalelf
10%

Verteilung der Resultate

Perzentil nach korrekt beantworteten Fragen

Anzahl Personen mit jedem Resultat

Ihre Resultats-Entwicklung

Sie haben dieses Quiz noch nicht gespielt